[Event "Moia op 1st"]
[Site "Moia"]
[Date "2013.06.23"]
[Round "6"]
[White "Garces Fisas, Gerard"]
[Black "Iglesias Vila, Carles"]
[Result "1-0"]
[WhiteElo "1700"]
[BlackElo "1736"]
[PlyCount "69"]
[EventDate "2013.05.19"]
[EventType "swiss"]
[EventRounds "8"]
[EventCountry "ESP"]
[SourceTitle "EXT 2014"]
[Source "ChessBase"]
[SourceDate "2013.11.20"]
[SourceVersion "1"]
[SourceVersionDate "2013.11.20"]
[SourceQuality "1"]

1. e4 e5 2. Nf3 Nc6 3. Bc4 h6 4. 0-0 Nf6 5. d3 Bc5 6. a3 a6 7. b4 Ba7 8. Bb2 d6 9. d4 0-0 10. h3 exd4 11. Nxd4 Nxe4 12. Nxc6 bxc6 13. Bd3 Qh4 14. Qf3 d5 15. Bxe4 dxe4 16. Qc3 Qg5 17. h4 Qg6 18. h5 Qg5 19. Qxc6 Bh3 20. Qxe4 Rfe8 21. Qf3 Bg4 22. Qb7 Bb6 23. Nc3 Rab8 24. Qc6 Re6 25. Qd5 Qxh5 26. Rae1 Bxf2+ 27. Kxf2 Qh4+ 28. Kg1 Rd8 29. Qc4 Rde8 30. Rxe6 Rxe6 31. Qxc7 Bh5 32. Nd5 Re1 33. g3 Rxf1+ 34. Kxf1 Qc4+ 35. Qxc4 1-0

[Event "Moia op 1st"]
[Site "Moia"]
[Date "2013.06.09"]
[Round "4"]
[White "Garces Fisas, Gerard"]
[Black "Castano Sanchez, Tomas"]
[Result "0-1"]
[WhiteElo "1700"]
[BlackElo "1700"]
[PlyCount "108"]
[EventDate "2013.05.19"]
[EventType "swiss"]
[EventRounds "8"]
[EventCountry "ESP"]
[SourceTitle "EXT 2014"]
[Source "ChessBase"]
[SourceDate "2013.11.20"]
[SourceVersion "1"]
[SourceVersionDate "2013.11.20"]
[SourceQuality "1"]

1. e4 c5 2. Bc4 a6 3. Nf3 e6 4. d3 d5 5. exd5 exd5 6. Bb3 Nc6 7. 0-0 Be7 8. d4 c4 9. Ba4 b5 10. Bxb5 axb5 11. Nc3 Rb8 12. Bf4 Rb7 13. Ne5 Nxe5 14. Bxe5 Bf6 15. Qe1 Be6 16. Bxf6 Nxf6 17. b3 0-0 18. a4 Bd7 19. a5 Ra7 20. Ne2 Re8 21. Qd2 Qc7 22. f3 Qd6 23. Rfe1 Rc8 24. b4 Be6 25. Nc3 Rb8 26. Re5 Qxb4 27. a6 Rb6 28. Rb1 Qa5 29. Qe3 h6 30. Qf4 Qxc3 31. Re2 Raxa6 32. g4 Ra1 33. Rf1 Nh7 34. Qe5 Rxf1+ 35. Kxf1 Qxf3+ 36. Rf2 Qxg4 37. Rg2 Qf3+ 38. Kg1 Qd1+ 39. Kf2 Qxc2+ 40. Kf1 Qf5+ 41. Kg1 Qxe5 42. dxe5 b4 43. Kf2 b3 44. Ke1 b2 45. Rxb2 Rxb2 46. Kd1 Ng5 47. h4 Ne4 48. h5 Bf5 49. e6 fxe6 50. Kc1 c3 51. Kd1 d4 52. Kc1 Nd2 53. Kd1 Nf3 54. Kc1 Rb1# 0-1

[Event "Moia op 1st"]
[Site "Moia"]
[Date "2013.06.02"]
[Round "3"]
[White "Garces Fisas, Gerard"]
[Black "Guell Codina, Ramon"]
[Result "0-1"]
[WhiteElo "1700"]
[BlackElo "1949"]
[PlyCount "80"]
[EventDate "2013.05.19"]
[EventType "swiss"]
[EventRounds "8"]
[EventCountry "ESP"]
[SourceTitle "EXT 2014"]
[Source "ChessBase"]
[SourceDate "2013.11.20"]
[SourceVersion "1"]
[SourceVersionDate "2013.11.20"]
[SourceQuality "1"]

1. e4 g6 2. c3 Bg7 3. d4 d6 4. Nf3 Nf6 5. Be2 Nxe4 6. 0-0 0-0 7. Nbd2 Nxd2 8. Bxd2 Bf5 9. Nh4 Bd7 10. Qc1 Nc6 11. d5 Nb8 12. Bh6 e5 13. Bg5 f6 14. Bh6 Qe7 15. Bxg7 Kxg7 16. h3 f5 17. g3 g5 18. Nf3 f4 19. h4 gxh4 20. Nxh4 Kh8 21. Bd3 Qg7 22. Kg2 Qg4 23. Rh1 Bf5 24. Qc2 e4 25. Bxe4 Bxe4+ 26. Qxe4 f3+ 27. Qxf3 Rxf3 28. Nxf3 Nd7 29. Rh4 Qg6 30. Rah1 Nf6 31. Rh6 Qg7 32. Nd4 Qf7 33. c4 Rg8 34. Ne6 Ng4 35. R6h4 Qxf2+ 36. Kh3 Nf6 37. g4 Qf3+ 38. Kh2 Nxg4+ 39. Rxg4 Rxg4 40. Rg1 Rh4# 0-1